000 00934nam a22002897a 4500
003 CHAP
005 20220329135702.0
008 971013s r 00010 d
010 _a40573
011 _a41545
035 _a45671
040 _cCHAP
082 _a631.411
_bF5
100 0 0 _aFlores Díaz, Antonio.
_941498
245 _aTécnicas de difracción de rayos X para minerales; identificación y composición mineralógica
260 _a(s.l.) :
_b(s.e.),
_c(s.a.)
300 _a22 h.
_b: ilus.
590 _aBATCH-UPD
_b10
_c20130110
_lUCH01
_h1935
590 _aBATCH-UPD
_b10
_c20130410
_lUCH01
_h1259
590 _aBATCH-UPD
_b10
_c20130914
_lUCH01
_h1905
590 _aCONVERSION
_b10
_c20130109
_lUCH01
_h1322
650 1 4 _aRayos X
_xDifracción.
_994871
650 1 4 _aSuelos
_xElementos minerales.
_9110356
901 _aBK
942 _cLIBRO
949 _a631.411 F5
_bBC
_cLIBRO
_d33724000068037
_eLIBRO
_h21182
_i45671
_mD
_si
999 _c40573
_d40573